Preces Gertrudianas medula de devotisimas oraciones dictadas en gran parte por el mismo Cristo, entresacadas de las revelaciones de las Santas Virgenes y hermanas Gertrudis y Methildis, religiosas del Orden de San Benito / traducidas del latin al castellano por el R. P. F. Dionisio de la Concepcion, Carmelita Descalzo

Detalles Bibliográficos
Formato: Libro
Lenguaje:Undetermined
Spanish
Publicado: Barcelona : 1872
Materias:
Colección:Banco de datos
Acervo:Monasterio de Santa Catalina de Siena de la Orden de Santo Domingo de Puebla. Puebla
Descripción Física:408 p. ; 8º
Tema general:Ascética
LEADER 00851nam a2200145Ia 4500
008 150723s9999 xx 000 0 und d
041 0 |a spa 
245 1 0 |a Preces Gertrudianas medula de devotisimas oraciones dictadas en gran parte por el mismo Cristo, entresacadas de las revelaciones de las Santas Virgenes y hermanas Gertrudis y Methildis, religiosas del Orden de San Benito / traducidas del latin al castellano por el R. P. F. Dionisio de la Concepcion, Carmelita Descalzo 
260 |a Barcelona :   |b Libreria de la V. é hijos de J. Subirana,   |c 1872 
300 |a 408 p.   |c  ; 8º 
650 1 0 |a Ascética 
949 |a Monasterio de Santa Catalina de Siena y Santa Ana del Convento de Dominicas del Estado de Puebla: 293 
942 |c DOMPUE 
943 |g Monasterio de Santa Catalina de Siena de la Orden de Santo Domingo de Puebla. Puebla 
999 |c 1105000  |d 1105000